| 000 | 01001nam a22002897a 4500 | ||
|---|---|---|---|
| 001 | 6335 | ||
| 003 | FISKH | ||
| 005 | 20250422151551.0 | ||
| 008 | 250422b cb ||||| |||| 00| 0 eng d | ||
| 020 | _a9781905087181 | ||
| 040 |
_aFISKH _beng _cFISKH _dFISKH |
||
| 050 | _aE111.W465 | ||
| 082 | _a970.01 | ||
| 100 | _aWest, David | ||
| 245 |
_aChristopher Columbus: _bThe life of a master navigator and explorer / _cBy David West & Jackie Gaff ; Illustrated by Ross Watson |
||
| 260 |
_aBrighton : _bBig House, _c2005. |
||
| 300 |
_a48 pages : _bcolor illustrations ; _c26 cm |
||
| 505 | _aQ | ||
| 520 | _aIn graphic art format, presents the life of Christopher Columbus, the first European to explore what is now the West Indies. | ||
| 521 | 8 |
_a670
_bLexile GN |
|
| 521 | 8 |
_aQ
_bRaz-Plus |
|
| 650 |
_aChristopher Columbus _vBiographies _xChildren's History |
||
| 700 |
_aGaff, Jackie _eAuthor |
||
| 700 |
_aWatson, Ross _eIllustrator |
||
| 942 |
_2ddc _cBK _n0 |
||
| 999 |
_c6335 _d6335 |
||